00455nam a22001692 4500001001100000005001700011008004100028020001700069040001500086100003100101245005700132250001300189260003300202300001500235600003200250852000300282000001296820151217155854.0090514s xx 000 0 eng d a9966951016 : aKABUcKABU1 aKabaji, Egara.@000015695210aJomo Kenyatta :bfather of harambee /cEgara Kabaji. a1st ed. aNairobi :bSasa Sema,c2000. aix, 94 p.10aKenyatta, Jomo.@00001032671